000 01975cam a22005894i 4500
003 PE-LiUPU
005 20250731170406.0
008 150617s r 000 0 d
020 _a8424910311
035 _a(Sirsi) i9788424910310
040 _aPE-LiUPU
_bspa
_cPE-LiUPU
_erda
049 _aPRUA
082 0 4 _a182
_bG96
_221
100 1 _aGuthrie, W. K. C.,
_eautor.
245 1 0 _aHistoria de la filosofía griega II :
_bLa tradición presocrática desde Paraménides a Demócrito /
_cW. K. C. Guthrie.
264 1 _aMadrid :
_bGredos,
_c1986.
300 _a574 páginas ;
_c25 centímetros
336 _atext
_2rdacontent
337 _aunmediated
_2rdamedia
338 _avolume
_2rdacarrier
504 _aIncluye bibliografía.
505 0 _aLos eleatas -- Jonios y eleatas: principio y fin del monismo -- Empédocles -- Anaxágoras -- Arquelao -- La filosofía en la segunda mitad del siglo V -- Diógenes de apolonia -- Los atomistas del siglo V.
526 _aSEG68
526 _aSEG70
526 _aSEG69
526 _aSEG67
526 _aSEG43
526 _aP144
526 _aP143
526 _aP131
526 _aP122
526 _aP120
526 _aP117
526 _aP112
526 _aP110
526 _aP106
526 _aP101
526 _aP80
526 _aP59
526 _aP54
526 _aP35
526 _aP33
526 _aP30
650 0 4 _aFilosofía griega
_xHistoria
_yDesde Parménides a Demócrito.
910 _ajck
_bjvq
_cjck
_d20150616
942 _2ddc
_cBOOK
949 _a182 G96
_wDEWEY
_c1
_i27978
_d2016-10-6
_e2016-10-5
_lCCODEBUL1
_mBUL
_n1
_r0
_sY
_tBOOK
_u2015-4-22
_xSALUD
_zUNKNOWN
_0COMPRA
_o.STAFF. Colección General
994 _aC0
_bPEPRU
596 _a1
999 _a182 G96
_wDEWEY
_c3307
_i27978
_d3307
_e2019-3-20
_f2021-11-4
_g5
_lCCODEBUL1
_mBUL
_n3
_q3
_r0
_sY
_tBOOK
_u2015-4-22
_xBIBLIOTECA
_zUNKNOWN
_0COMPRA
_o.STAFF. Colección General
980 _81
_gALBERTO SANCHEZ Responsable de Automatización